Southville International School and Colleges
Your cart is empty.
  • Cart
  • Lists
    Public lists Eva Luna New books Lux_list list_1
    Your lists Log in to create your own lists
  • Log in to your account
  • Your cookies
  • Search history
Southville International School and Colleges
  • Advanced search
  • Recent comments
  • Most popular
  • Libraries

Log in to your account

Log in with GOOGLE


If you do not have an external account, but do have a local account, you can still log in:

  1. Home
  2. MARC view: Discrete mathematics with applications /
Normal view MARC view ISBD view

Discrete mathematics with applications / (Record no. 20700)

[ view plain ]
MARC details
000 -LEADER
fixed length control field 00569nam a2200193 a 4500
005 - DATE AND TIME OF LATEST TRANSACTION
control field 20140310183246.0
008 - FIXED-LENGTH DATA ELEMENTS--GENERAL INFORMATION
fixed length control field 040901s19uu xx 00 eng d
020 ## - INTERNATIONAL STANDARD BOOK NUMBER
International Standard Book Number 0124211801
050 ## - LIBRARY OF CONGRESS CALL NUMBER
Classification number QA 39.3
Item number .K67 2004
100 ## - MAIN ENTRY--PERSONAL NAME
Personal name Koshy, Thomas
245 ## - TITLE STATEMENT
Title Discrete mathematics with applications /
Statement of responsibility, etc Thomas Koshy.
260 ## - PUBLICATION, DISTRIBUTION, ETC. (IMPRINT)
Place of publication, distribution, etc Burlington, Mass :
Name of publisher, distributor, etc Elsevier Academic Press,
Date of publication, distribution, etc 2004.
300 ## - PHYSICAL DESCRIPTION
Extent xxiv, 1045 p. ;
Other physical details ill. ;
Dimensions 26 cm.
500 ## - GENERAL NOTE
General note Includes index.
521 ## - TARGET AUDIENCE NOTE
Target audience note
650 ## - SUBJECT ADDED ENTRY--TOPICAL TERM
Topical term or geographic name as entry element Computer science
General subdivision Mathematics.
942 ## - ADDED ENTRY ELEMENTS (KOHA)
Koha item type Books
Source of classification or shelving scheme Library of Congress Classification
Call number prefix Foreign
Holdings
Withdrawn status Lost status Source of classification or shelving scheme Damaged status Home library Current library Shelving location Date acquired Total Checkouts Full call number Barcode Date last seen Copy number Price effective from Koha item type
    Library of Congress Classification   College Library College Library General Circulation Section 01/09/2014   QA 39.3 .K67 2004 C5192 05/15/2018 1 01/09/2014 Books

Discrete mathematics with applications /

APA

Koshy T., . (2004). Discrete mathematics with applications. Burlington, Mass: Elsevier Academic Press.

Chicago

Koshy Thomas, . 2004. Discrete mathematics with applications. Burlington, Mass: Elsevier Academic Press.

Harvard

Koshy T., . (2004). Discrete mathematics with applications. Burlington, Mass: Elsevier Academic Press.

MLA

Koshy Thomas, . Discrete mathematics with applications. Burlington, Mass: Elsevier Academic Press. 2004.

  • Place hold
  • Print
  • Cite
  • Add to your cart (remove)
  • Save record
    BIBTEX Dublin Core MARCXML MARC (non-Unicode/MARC-8) MARC (Unicode/UTF-8) MARC (Unicode/UTF-8, Standard) MODS (XML) RIS
  • More searches
    Search for this title in:
    Other Libraries (WorldCat) Other Databases (Google Scholar) Online Stores (Bookfinder.com) Open Library (openlibrary.org)

Exporting to Dublin Core...

SOUTHVILLE LIBRARY

Southville International School and Colleges Library

1281 Tropical Ave. Cor. Luxembourg St., BF Homes International, Las Pinas City

Tel. No. 8256374 / 252358 Loc. 117/146

Powered by Koha